000 00525nam a2200205Ia 4500
008 180523s9999 xx 000 0 und d
020 _a81-7224-426-6
050 _aMAIN BF 697
050 _b.H49 2003 c.2
100 _aHewitt, William W.
245 4 _aThe Art of developing personal power :
245 0 _b(the art of self-talk) /
245 0 _cWilliam W. Hewitt.
260 _aMumbai :
260 _bJaico Publishing,
260 _c2003
300 _a180 pages :
300 _c22 cm.
650 _aSelf-esteem.
999 _c356526
_d356526